| 000 | 00677nam a22002057a 4500 | ||
|---|---|---|---|
| 005 | 20100807155618.0 | ||
| 010 | _aENG-98988 | ||
| 020 |
_a9788190756259 _c80.00 |
||
| 035 | _aEN-82520 | ||
| 037 | _bDBAD/PUB | ||
| 082 | _a519.5 | ||
| 100 |
_aSavarimuthu, S. Johnson _98916 |
||
| 245 |
_aStatics / _cby S. Johnson Savarimuthy |
||
| 260 |
_aRanipet _bRish Publications _c2008 |
||
| 270 |
_aNo. 10, Gandhi Nagar, _bRanipet _e632401 |
||
| 300 |
_a101p. _c20cm (pbk) |
||
| 700 | _98887 | ||
| 942 |
_2ddc _cEN _h519.5 _mSAV |
||
| 999 |
_c40201 _d40201 |
||